[Event "Autumn Cup 2024 Swiss"]
[Site "Wellington Chess Club"]
[Date "2024.06.27"]
[Round "6.1"]
[White "Farrington, Lawrence B"]
[Black "Lavender, Ariel J"]
[Result "0-1"]
[WhiteElo "1641"]
[BlackElo "1544"]
[WhiteFideId "4301749"]
[BlackFideId "0"]
[PlyCount "0"]
[EventDate "2024.07.04"]
[SourceDate ""]

1. d4 Nf6 2. c4 e6 3. Nc3 Bb4 4. Nf3 O-O 5. Bg5 h6 6. Bh4 g5 7. Bg3 Ne4 8. Rc1
d5 9. e3 b6 10. cxd5 exd5 11. Be2 Ba6 12. Bxa6 Nxa6 13. O-O Bxc3 14. bxc3 Nxg3
15. hxg3 c5 16. Qd3 c4 17. Qd1 Qd6 18. Qa4 Nc7 19. Qb4 Qxb4 20. cxb4 a5 21. a3
axb4 22. axb4 Ra4 23. Rb1 b5 24. Rfc1 Na6 25. Ne5 Nxb4 26. Nd7 Nd3 27. Rc2 b4
28. Nf6+ Kg7 29. Nxd5 b3 30. Re2 Rfa8 31. Nc3 Ra1 32. Rd2 Rxb1+ 33. Nxb1 Ra1
34. Rd1 Rxb1 35. Rxb1 b2 36. Kf1 c3 37. Ke2 c2 38. Rxb2 c1=Q 39. Rd2 Nxf2 40.
d5 Ne4 41. Rd4 Nxg3+ 42. Kf3 Nf5 43. Rd3 Kf6 44. d6 Qf1+ 0-1

[Event "Autumn Cup 2024 Swiss"]
[Site "Wellington Chess Club"]
[Date "2024.06.27"]
[Round "6.2"]
[White "Webster, Jamie"]
[Black "Darr, Samuel"]
[Result "0-1"]
[WhiteElo "1722"]
[BlackElo "1675"]
[WhiteFideId "4315120"]
[BlackFideId "4306120"]
[PlyCount "0"]
[EventDate "2024.07.04"]
[SourceDate ""]

1. b3 d5 2. Bb2 c5 3. Nf3 Nc6 4. e3 Nf6 5. c4 d4 6. a3 Bf5 7. Nh4 Bg4 8. Qc2 e5
9. h3 Be6 10. g4 g6 11. Nf3 e4 12. Ng5 d3 13. Nxe6 fxe6 14. Qc3 Bg7 15. Bg2 Rf8
16. O-O Rf7 17. Qc1 Na5 18. Qd1 Qb6 19. Bxf6 Bxf6 20. Nc3 Qxb3 21. Rb1 Qxc4 22.
Nxe4 Be7 23. Nc3 O-O-O 24. Rb5 b6 25. Qb1 Nb7 26. Rc1 Nd6 27. Ne4 Qa4 28.
Rcxc5+ bxc5 29. Nxd6+ Bxd6 30. Bc6 Qc2 31. Rb7 Qxb1+ 0-1

[Event "Autumn Cup 2024 Swiss"]
[Site "Wellington Chess Club"]
[Date "2024.06.27"]
[Round "6.10"]
[White "Cao, Sam"]
[Black "Tan, Jin"]
[Result "0-1"]
[WhiteElo "1042"]
[BlackElo "1587"]
[WhiteFideId "4325591"]
[BlackFideId "4320972"]
[PlyCount "46"]
[EventDate "2024.07.04"]
[SourceDate ""]

1. e4 e5 2. Nf3 Nc6 3. Bc4 Bc5 4. c3 d6 5. h3 h6 6. d4 exd4 7. cxd4 Bb6 8. Bf4
Nf6 9. Nc3 O-O 10. O-O Re8 11. Re1 Be6 12. d5 Bd7 13. dxc6 Bxc6 14. Qb3 Qd7 15.
Nd2 Re7 16. Bd5 Rae8 17. Bxc6 Qxc6 18. Qc2 d5 19. e5 Nh5 20. Bh2 d4 21. Qd1
dxc3 22. Qxh5 cxd2 23. Re2 Qc1+ 0-1

[Event "Autumn Cup 2024 Swiss"]
[Site "Wellington Chess Club"]
[Date "2024.06.27"]
[Round "6.11"]
[White "Osborne, Geoff"]
[Black "Hao, John"]
[Result "1-0"]
[WhiteElo "1512"]
[BlackElo "986"]
[WhiteFideId "4311485"]
[BlackFideId "0"]
[PlyCount "0"]
[EventDate "2024.07.04"]
[SourceDate ""]

1. e4 e5 2. Nf3 Nc6 3. d4 exd4 4. Bc4 Bc5 5. O-O d6 6. c3 dxc3 7. Nxc3 Nf6 8.
Bg5 h6 9. Bh4 g5 10. Bg3 Bg4 11. Qb3 Qd7 12. Rfe1 Bxf3 13. gxf3 h5 14. e5 dxe5
15. Bxe5 Nxe5 16. Rxe5+ Be7 17. Bxf7+ Kf8 18. Bg6 Bd6 19. Rf5 Qg7 20. Nd5 Qxg6
21. Rxf6+ Qxf6 22. Nxf6 Ke7 23. Nd5+ Kd7 24. Re1 Rhf8 25. Qc3 c6 26. Qg7+ 1-0

[Event "Autumn Cup 2024 Swiss"]
[Site "Wellington Chess Club"]
[Date "2024.06.27"]
[Round "6.16"]
[White "Dey, Kyle"]
[Black "Fairbrother, Rebecca"]
[Result "1-0"]
[WhiteElo "1073"]
[BlackElo "819"]
[WhiteFideId "0"]
[BlackFideId "0"]
[PlyCount "0"]
[EventDate "2024.07.04"]
[SourceDate ""]

1. e4 e5 2. Nf3 Nc6 3. Bc4 Bc5 4. O-O Nf6 5. Nc3 O-O 6. d3 d6 7. Bg5 Bg4 8. Nd5
Qd7 9. Nxf6+ gxf6 10. Bxf6 Nd4 11. c3 Nxf3+ 12. gxf3 Bh5 13. Re1 Qh3 14. Re3
Bxe3 15. fxe3 Bxf3 16. Qf1 Qg4+ 17. Kf2 Rfb8 18. h3 Qh5 19. Qg1+ Kf8 20. Qg7+
Ke8 21. Bb5+ c6 22. Qh8+ Kd7 23. Qg7 cxb5 24. a4 Qxh3 25. Qxf7+ Kc6 26. axb5+
Kxb5 27. Qd5+ Kb6 28. Qxd6+ Kb5 29. c4# 1-0

[Event "Autumn Cup 2024 Swiss"]
[Site "Wellington Chess Club"]
[Date "2024.07.04"]
[Round "7.1"]
[White "Lavender, Ariel J"]
[Black "Hurndell, Robert"]
[Result "1/2-1/2"]
[WhiteElo "1544"]
[BlackElo "1722"]
[WhiteFideId "0"]
[BlackFideId "4310233"]
[PlyCount "0"]
[EventDate "2024.07.04"]
[SourceDate ""]

1. d4 Nf6 2. Nf3 g6 3. g3 Bg7 4. Bg2 O-O 5. O-O d6 6. c4 Nbd7 7. Nc3 Re8 8. Re1
e5 9. dxe5 Nxe5 10. Nxe5 Rxe5 11. Bf4 Re8 12. e4 Rb8 13. e5 Nh5 14. exd6 Rxe1+
15. Qxe1 Nxf4 16. dxc7 Qxc7 17. gxf4 Be6 1/2-1/2

[Event "Autumn Cup 2024 Swiss"]
[Site "Wellington Chess Club"]
[Date "2024.07.04"]
[Round "7.2"]
[White "Darr, Samuel"]
[Black "Farrington, Lawrence B"]
[Result "0-1"]
[WhiteElo "1675"]
[BlackElo "1641"]
[WhiteFideId "4306120"]
[BlackFideId "4301749"]
[PlyCount "88"]
[EventDate "2024.07.04"]
[SourceDate ""]

1. e4 e6 2. d4 d5 3. e5 c5 4. c3 Nc6 5. Nf3 Qb6 6. b3 cxd4 7. cxd4 Bd7 8. Bb2
Bb4+ 9. Nc3 Nge7 10. a3 Bxc3+ 11. Bxc3 Nf5 12. Be2 Rc8 13. b4 Nxe5 14. Bb2
Nxf3+ 15. Bxf3 Bb5 16. Rc1 Bc4 17. Qa4+ Ke7 18. Qd1 Rhd8 19. Qd2 Kf8 20. h4 Bb5
21. Rc5 Bc4 22. Be2 Bxe2 23. Qxe2 Qd6 24. g4 Ne7 25. O-O b6 26. Rcc1 Kg8 27.
Qe3 Ng6 28. h5 Ne7 29. b5 Rxc1 30. Rxc1 Rc8 31. Rxc8+ Nxc8 32. a4 Qd8 33. Ba3
Nd6 34. Qf4 Nc4 35. Bb4 h6 36. Qg3 Kh7 37. f4 Qc7 38. Qf3 Qd8 39. Qg3 Qf6 40.
Qf2 g6 41. Kh2 Kg7 42. Qg3 Kh7 43. Bc3 Qe7 44. Qd3 Qh4+ 0-1

[Event "Autumn Cup 2024 Swiss"]
[Site "Wellington Chess Club"]
[Date "2024.07.04"]
[Round "7.3"]
[White "Miriyala, Sreenikesh"]
[Black "Brockway, Andrew"]
[Result "0-1"]
[WhiteElo "857"]
[BlackElo "1594"]
[WhiteFideId "4325532"]
[BlackFideId "4301340"]
[PlyCount "0"]
[EventDate "2024.07.04"]
[SourceDate ""]

1. e4 c6 2. d4 d5 3. exd5 cxd5 4. Nf3 Nf6 5. Bd3 Bg4 6. Be3 Nc6 7. Nbd2 e5 8.
dxe5 Nxe5 9. O-O Nxd3 10. cxd3 Be7 11. Re1 O-O 12. Qe2 Re8 13. Bg5 h6 14. Bxf6
Bxf6 15. Qd1 Qd7 16. Rxe8+ Rxe8 17. Qb3 Be6 18. Qa3 a6 19. Re1 Rc8 20. b3 Rc2
21. Rc1 Bb2 22. Qb4 Rxc1+ 23. Nf1 Bf6 24. Qd2 Qc8 25. h3 Rc2 26. Qa5 Qc7 27.
Qe1 Rxa2 28. Qd1 Qc2 29. Qe1 Qe2 30. Qb4 Qxf2+ 31. Kh1 Qxg2# 0-1

[Event "Autumn Cup 2024 Swiss"]
[Site "Wellington Chess Club"]
[Date "2024.07.04"]
[Round "7.5"]
[White "Grant, Elliot"]
[Black "Webster, Jamie"]
[Result "0-1"]
[WhiteElo "1537"]
[BlackElo "1722"]
[WhiteFideId "0"]
[BlackFideId "4315120"]
[PlyCount "0"]
[EventDate "2024.07.04"]
[SourceDate ""]

1. e4 e5 2. Nf3 Nc6 3. c3 Nf6 4. d4 d6 5. Nbd2 Bg4 6. Qb3 Qc8 7. Bc4 Na5 8.
Qa4+ Nc6 9. d5 Bd7 10. dxc6 bxc6 11. Qc2 Be7 12. O-O O-O 13. Re1 Nh5 14. Nf1
Kh8 15. Ng5 Bxg5 16. Bxg5 f5 17. exf5 Rxf5 18. Bh4 Rf4 19. Bg3 Nxg3 20. Nxg3
Rxc4 21. Ne4 Bf5 22. b3 Rxe4 23. Rxe4 d5 24. f3 dxe4 25. fxe4 Bg6 26. Rd1 Qg4
27. Qd3 h6 28. h3 Qxe4 29. Qxe4 Bxe4 30. Re1 Bg6 31. Rxe5 Re8 32. Rc5 Re2 33.
Rxc6 Rxg2+ 34. Kf1 Bd3+ 35. Ke1 Rxa2 36. Rxc7 a5 37. Ra7 Bc2 38. b4 a4 39. b5
a3 40. b6 Be4 41. b7 Bxb7 42. Rxb7 Rh2 43. Ra7 a2 44. Kd1 a1=Q+ 45. Rxa1 Rh1+
46. Kd2 Rxa1 47. c4 Kg8 48. Kd3 Kf7 49. Kd4 Ke7 50. Ke5 Rc1 51. Kd5 g5 52. Kc5
h5 53. Kb6 Rxc4 54. Kb5 Rh4 55. Kc6 Rxh3 56. Kd5 Re3 57. Kd4 Re6 58. Kd5 h4 59.
Kc4 h3 60. Kb3 h2 61. Kc4 h1=Q 0-1

[Event "Autumn Cup 2024 Swiss"]
[Site "Wellington Chess Club"]
[Date "2024.07.04"]
[Round "7.6"]
[White "Ulm, Eric"]
[Black "Qu, Lucas"]
[Result "1/2-1/2"]
[WhiteElo "1468"]
[BlackElo "1651"]
[WhiteFideId "4325575"]
[BlackFideId "4314620"]
[PlyCount "0"]
[EventDate "2024.07.04"]
[SourceDate ""]

1. e4 e5 2. Nf3 Nc6 3. Bb5 Bc5 4. Nxe5 Bxf2+ 5. Kxf2 Nxe5 6. d4 Ng6 7. Rf1 c6
8. Bc4 N8e7 9. Kg1 d5 10. exd5 cxd5 11. Bd3 Be6 12. Nd2 Qb6 13. c3 Nc6 14. Kh1
Nge7 15. Nf3 f6 16. Qe2 Kd7 17. a4 Rae8 18. Qc2 Rc8 19. Qe2 Rhe8 20. Bb5 a6 21.
Bxc6+ Nxc6 22. Qd3 g6 23. Qe3 Bf5 24. Qh6 Ne7 25. Re1 Rg8 26. Qxh7 Be4 27. Qh6
Bxf3 28. Qh3+ f5 29. Qxf3 g5 30. Re5 g4 31. Qf4 Rcf8 32. b4 Qc6 33. Qe3 Ng6 34.
b5 Qd6 35. Ba3 f4 36. Qe2 1/2-1/2

[Event "Autumn Cup 2024 Swiss"]
[Site "Wellington Chess Club"]
[Date "2024.07.04"]
[Round "7.12"]
[White "Hupert, Leo"]
[Black "Paxton, Levi"]
[Result "0-1"]
[WhiteElo "1341"]
[BlackElo "1920"]
[WhiteFideId "0"]
[BlackFideId "4317211"]
[PlyCount "0"]
[EventDate "2024.07.04"]
[SourceDate ""]

1. e4 c5 2. Bc4 Nc6 3. Qh5 e6 4. d3 g6 5. Qd1 Bg7 6. c3 Nge7 7. Bg5 O-O 8. Nf3
d5 9. Bb3 Qb6 10. Qd2 c4 11. Ba4 cxd3 12. Bh6 dxe4 13. Bxg7 Kxg7 14. Ng5 f5 15.
Bb3 Nd5 16. Na3 h6 17. Nh3 Na5 18. c4 Nxb3 19. axb3 Nf6 20. Qc3 Bd7 21. Nf4
Rae8 22. g3 Bc6 23. Rf1 e5 24. Ng2 Ng4 25. h3 Nh2 26. Rh1 Nf3+ 27. Kf1 Kh7 28.
c5 Qxb3 29. Nc4 Qxc3 30. bxc3 a6 31. Nge3 f4 32. gxf4 exf4 33. Ng4 e3 34. fxe3
fxe3 35. Ngxe3 Nd2+ 36. Kg1 Nxc4 37. Nxc4 Bxh1 38. Kxh1 Re2 39. Rd1 Rf3 40. Nd2
Rxh3+ 41. Kg1 Rhh2 42. Nc4 d2 43. Nxd2 Rxd2 44. Re1 Rhe2 45. Rxe2 Rxe2 46. Kf1
Rc2 47. Ke1 h5 48. Kd1 Rf2 49. Ke1 Rf5 50. Kd2 h4 0-1

[Event "Autumn Cup 2024 Swiss"]
[Site "Wellington Chess Club"]
[Date "2024.07.04"]
[Round "7.18"]
[White "Asher, Bruce"]
[Black "Osborne, Geoff"]
[Result "0-1"]
[WhiteElo "1163"]
[BlackElo "1512"]
[WhiteFideId "0"]
[BlackFideId "4311485"]
[PlyCount "0"]
[EventDate "2024.07.04"]
[SourceDate ""]

1. e4 e5 2. Nf3 Nc6 3. Bb5 Nf6 4. Nc3 Bb4 5. a3 Ba5 6. d3 O-O 7. b4 Bb6 8. Bb2
d6 9. h3 Nd4 10. Bc4 Nxf3+ 11. Qxf3 Bd4 12. Rb1 c6 13. Ne2 Bxb2 14. Rxb2 b5 15.
Ba2 Bb7 16. O-O d5 17. exd5 cxd5 18. Nc3 e4 19. Qf4 a6 20. Re1 Rc8 21. Ne2 Re8
22. Ng3 exd3 23. Rxe8+ Qxe8 24. Qd2 dxc2 25. Rxc2 Rxc2 26. Qxc2 Qc6 27. Qf5 g6
28. Qf4 Kg7 29. Qe3 d4 30. Qd2 Qxg2# 0-1